| 000 | 00467nam a22001697a 4500 | ||
|---|---|---|---|
| 003 | BD-ChCU | ||
| 005 | 20251210100238.0 | ||
| 008 | 251210b ii ||||| |||| 00| 0 eng d | ||
| 040 | _cBD-ChCU | ||
| 082 | _a323.1 R161d | ||
| 100 |
_aRajan, Nalini _917877 |
||
| 245 |
_aDemocracy and the limits of minority rights / _cNalini Rajan |
||
| 260 |
_aNew Delhi: _bSage Pub: _cc2002 |
||
| 300 | _a236p. | ||
| 650 | 0 |
_aDemocracy minority rights _917875 |
|
| 942 |
_2ddc _cBK _n0 |
||
| 999 |
_c110312 _d110312 |
||